Een aantal Nederlands inheemse plantensoorten - Statistieken

Algemene statistieken
  • Deze quiz is 8 keer genomen
  • De gemiddelde score is 13 van 94
Antwoordstatistieken
Nederlandse naam Wetenschappelijke naam % Correct
Beuk Fagus sylvatica
67%
Klimop Hedera helix
67%
Zomereik Quercus robur
67%
Noorse esdoorn Acer platanoides
33%
Gewone esdoorn Acer pseudoplatanus
33%
Duizendblad Achillea millefolium
33%
Witte paardenkastanje Aesculus hippocastanum
33%
Zwarte els Alnus glutinosa
33%
Haagbeuk Carpinus betulus
33%
Gele kornoelje Cornus mas
33%
Rode cornoelje Cornus sanguinea
33%
Hazelaar Corylus avellana
33%
Eenstijlige meidoorn Crataegus monogyna
33%
Brem Cytisus scoparius
33%
Wilde kardinaalsmuts Euonymus europaeus
33%
Gewone es Fraxinus excelsior
33%
Hulst Ilex aquifolium
33%
Jeneverbes Juniperus communis
33%
Wilde liguster Ligustrum vulgare
33%
Akkerleeuwenbek Misopates orontium
33%
Riet Phragmites australis
33%
Smalle weegbree Plantago lanceolata
33%
Grote weegbree Plantago major
33%
Ratelpopulier Populus tremula
33%
Zoete kers Prunus avium
33%
Gewone vogelkers Prunus padus
33%
Amerikaanse vogelkers Prunus serotina
33%
Sleedoorn Prunus spinosa
33%
Amerikaanse eik Quercus rubra
33%
Kruipende boterbloem Ranunculus repens
33%
Schietwilg Salix alba
33%
Boswilg / Waterwilg Salix caprea
33%
Taxus / Venijnboom Taxus baccata
33%
Linde Tilia spec
33%
Gladde iep Ulmus minor
33%
Muskuskruid Adoxa moschatellina
0%
Bolderik Agrostemma githago
0%
Fluitenkruid Anthriscus sylvestris
0%
Dubbelloof Blechnum spicant
0%
Bevertjes Briza media
0%
Struikhei Calluna vulgaris
0%
Gewone dotterbloem Caltha palustris
0%
Paarbladig goudveil Chrysoplenium oppositifolium
0%
Rietorgis Dactylorhiza praetermissa
0%
Heermoes Equisetum arvense
0%
Gewoon speenkruid Ficaria verna verna
0%
Kleefkruid Galium aparine
0%
Robertskruid Geranium robertianum
0%
Geel nagelkruid Geum urbanum
0%
Hondsdraf Glechoma hederacea
0%
Gewone berenklauw Heracleum sphondylium
0%
Gewoon biggekruid Hypochaeris radicata
0%
Klein springzaad Impatiens parviflora
0%
Gele lis Iris pseudacorus
0%
Jacobskruiskruid Jacobaea vulgaris
0%
Zandblauwtje Jasione montana
0%
Beemdkroon Knautia arvensis
0%
Witte dovenetel Lamium album
0%
Paarse dovenetel Lamium purpureum
0%
Zomerklokje Leucojum aestivum
0%
Rogge lelie Lilium bulbiferum
0%
Grote wolfsklauw Lycopodium clavatum
0%
Wilde weit Melampyrum arvense
0%
Bosbingelkruid Mercurialis perennis
0%
Wilde mispel Mespilus germanica
0%
Gele plomp Nuphar lutea
0%
Rode ogentroost Odentites vernus s. serotines
0%
Addertong Ophioglossum vulgatum
0%
Gewone vogelmelk Ornithogalum umbellatum
0%
Grote klaproos Papaver rhoeas
0%
Grote bevernel Pimpinella major
0%
Slanke sleutelbloem Primula elatior
0%
Scherpe boterbloem Ranunculus acris
0%
Wegedoorn Rhamnus cathartica
0%
Sporkehout / Vuilboom Rhamnus frangula
0%
Grote ratelaar Rhinantes angustifolius
0%
Hondsroos Rosa canina
0%
Veldzuring Rumex acetosa
0%
Schapenzuring Rumex acetosella
0%
Ridderzuring Rumex obtusifolius
0%
Gewone vlier Sambucus nigra
0%
Knolsteenbreek Saxifraga granulata
0%
Dagkoekoeksbloem Silene dioica
0%
Blauwe knoop Succisa pratensis
0%
Paardenbloem Taraxacum officinale
0%
Poelruit Thalictrum flavum
0%
Zevenster Trientalis europaea
0%
Rode klaver Trifolium pratense
0%
Witte klaver Trifolium repens
0%
Grote lisdodde Typha latifolia
0%
Gaspeldoorn Ulex europaeus
0%
Grote brandnetel Urtica dioica
0%
Gelderse roos Viburnum opulus
0%
Kleine maagdenpalm Vinca major
0%
Geen overeenkomende quizzen gevonden
Scoreverdeling
Procent van Mensen met Elke Score
Percentiel versus Aantal Correcte Antwoorden
Uw Scoregeschiedenis
U heeft deze quiz nog niet genomen